ბათუმის შოთა რუსთაველის სახელმწიფო უნივერსიტეტის ბიბლიოთეკა

ჩანაწერი Personal Name

ჩანაწერთა რაოდენობა, რომელიც გამოყენებულია: 1

001 - CONTROL NUMBER

  • control field: 26146

003 - CONTROL NUMBER IDENTIFIER

  • control field: GE_BSU

005 - DATE AND TIME OF LATEST TRANSACTION

  • control field: 20251103143241.0

008 - FIXED-LENGTH DATA ELEMENTS

  • fixed length control field: 251103|| aca||aabn | a|a d

040 ## - CATALOGING SOURCE

  • Original cataloging agency: GE_BSU
  • Transcribing agency: GE_BSU

100 ## - HEADING--PERSONAL NAME

  • Personal name: კვერენჩხილაძე, რ.ი.
  • Relator term: ავტორი

670 ## - SOURCE DATA FOUND

  • Source citation: Work cat.: (GE_BSU): ჯაოშვილი, ვ.შ. 26145, საქართველოს სსრ ეკონომიკური გეოგრაფია :